[Event "FIDE World Cup"]
[Site "Khanty-Mansiysk"]
[Date "2011.09.16"]
[Round "7.1"]
[White "Ivanchuk, Vassily"]
[Black "Ponomariov, Ruslan"]
[Result "1/2-1/2"]
[WhiteElo "2768"]
[BlackElo "2764"]
[Annotator "CB"]
[PlyCount "90"]
[EventDate "2011.08.28"]
[EventType "k.o."]
[EventRounds "7"]
[EventCountry "RUS"]
[SourceTitle "CBM 145"]
[Source "ChessBase"]
[SourceDate "2011.11.11"]
[SourceVersion "1"]
[SourceVersionDate "2011.11.11"]
[SourceQuality "1"]

1. c4 Nf6 2. Nc3 e5 3. g3 Bb4 4. Nf3 Nc6 5. Bg2 O-O 6. O-O Bxc3 7. bxc3 Re8 8.
Rb1 e4 (8... b6 9. d3 e4 10. Nd4 Nxd4 11. cxd4 Bb7 12. d5 c6 13. dxe4 Nxe4 14.
Bb2 cxd5 15. cxd5 d6 16. Rc1 Nc5 17. Re1 Ba6 18. Qd2 Qe7 19. Bf3 f6 20. Bd4 Bb5
21. h4 {1-0 (37) Christiansen,L (2530)-Silman,J (2410) San Mateo 1989}) 9. Nd4
d5 10. cxd5 Qxd5 11. Nb5 Qd7 12. d3 a6 13. Nd4 Nd5 14. Bb2 Nxd4 15. cxd4 e3 16.
Qc1 c6 17. Be4 Qg4 18. f3 Qe6 19. Qc5 b6 20. Bxd5 cxd5 21. Qc7 Re7 22. Qd8+ Re8
23. Qc7 Re7 24. Qf4 f6 25. Ba3 g5 26. Qd6 Qxd6 27. Bxd6 Rb7 28. Rfc1 Bd7 29. g4
Kf7 30. Kg2 h5 31. h3 Rh8 32. Rb2 Ba4 33. Bh2 hxg4 34. hxg4 Kg6 35. a3 a5 36.
Bd6 b5 37. Rc6 Ra8 38. Be5 Rf7 39. Rb6 Rc8 40. f4 gxf4 41. Kf3 ({Ivanchuk had
excellent chances to play for a win here with} 41. Bxf4 Rc3 {Black has little
choice and must try to create counterplay to compensate his doomed e3 pawn.}
42. Ra6 Rxa3 43. Rxa5 Rb7 44. Ra6 Kf7 (44... Kg7 45. g5 {and Black is lost
since White pieces gang up on the king.}) 45. Rb1 b4 46. Rh1 $16) 41... Rc1 42.
Bxf4 Rf1+ 43. Kg3 Rg1+ 44. Kf3 Rf1+ 45. Kg3 Rg1+ 1/2-1/2

[Event "Zuerich Chess Challenge 4th"]
[Site "Zuerich"]
[Date "2015.02.18"]
[Round "5"]
[White "Karjakin, Sergey"]
[Black "Anand, Viswanathan"]
[Result "1/2-1/2"]
[WhiteElo "2760"]
[BlackElo "2797"]
[Annotator "CB"]
[PlyCount "83"]
[EventDate "2015.02.14"]
[EventType "tourn"]
[EventRounds "5"]
[EventCountry "SUI"]
[EventCategory "22"]
[SourceTitle "CBM 165"]
[Source "ChessBase"]
[SourceDate "2015.03.11"]
[SourceVersion "1"]
[SourceVersionDate "2015.03.11"]
[SourceQuality "1"]

1. c4 Nf6 2. Nc3 e5 3. g3 Bb4 4. Nf3 e4 5. Nd4 O-O 6. Bg2 Re8 7. O-O Nc6 8. Nc2
Bxc3 9. dxc3 h6 10. c5 b6 11. cxb6 axb6 12. b3 d5 13. Bb2 Be6 14. Qc1 Na5 15.
c4 $1 {Without this break/pawn sacrifice Karjakin's pieces would have
seriously lacked activity.} dxc4 16. Rd1 Qe7 17. b4 Nc6 18. b5 Na5 19. Ba3 $1 {
The queen is suprisingly trapped! However Anand has an equalizing resource.} c5
20. bxc6 Qc7 21. Nd4 Nxc6 22. Nb5 (22. Nxe6 Rxe6 23. Bh3 Ree8 24. Bd6 {keeps
some pressure with the pair of bishops, but Black should be ok.}) 22... Qe5 23.
Rb1 Red8 24. Rxd8+ Rxd8 25. Bb2 Qg5 26. Qxg5 hxg5 27. Bxf6 gxf6 28. Bxe4 Ne7
29. Kf1 f5 30. Bc2 Kg7 31. Nc3 Rh8 32. Kg1 Rd8 33. Kf1 {White looks to be
worse at first glance, but upon deeper inspection it is clear that the b6 pawn
is too weak for Black to create any play.} Nd5 34. Rd1 Kf6 35. Ke1 Rd7 36.
Nxd5+ Rxd5 37. Rxd5 Bxd5 38. Kd2 c3+ 39. Kxc3 Bxa2 40. Kb4 Ke5 41. Kb5 f4 42.
Kxb6 1/2-1/2

[Event "Metz op 27th"]
[Site "Metz"]
[Date "2009.04.12"]
[Round "3"]
[White "Spraggett, Kevin"]
[Black "Bokros, Albert"]
[Result "1-0"]
[WhiteElo "2601"]
[BlackElo "2483"]
[Annotator "CB"]
[PlyCount "107"]
[EventDate "2009.04.11"]
[EventType "swiss"]
[EventRounds "9"]
[EventCountry "FRA"]
[SourceTitle "CBM 129 Extra"]
[Source "ChessBase"]
[SourceDate "2009.05.05"]
[SourceVersion "2"]
[SourceVersionDate "2009.05.20"]
[SourceQuality "1"]

1. c4 {! A favourite of mine since childhood} e5 2. Nc3 Nf6 3. Nf3 Nc6 4. g3 d5
5. cxd5 Nxd5 6. Bg2 Nb6 7. O-O Be7 8. a3 a5 9. d3 O-O 10. Be3 Re8 11. Rc1 Bf8
12. Re1 {!? A temporizing move that Adorjan has suggested.} (12. Na4) 12... Bg4
13. Nd2 Qd7 14. Bxb6 {White seems to be better after this simple exchange.
Black's pieces are not cooperating well.} cxb6 15. Nc4 Ra6 16. Qa4 Bh3 17. Bh1
{!? On another day I might have allowed the exchange, but this being the
second game in a double round day, I decided to keep the bishop so as to
defend my king against later unpleasant surprises.} (17. Qb5 Bxg2 18. Kxg2 Bc5
19. Na4) 17... Qc8 18. e3 Bd7 19. Qc2 Qd8 20. Qe2 Ra8 21. Bd5 Rc8 22. Qf3 Be6
23. Bxe6 Rxe6 24. Red1 g6 25. Qd5 {the ending gives good chances to white} Bg7
26. Qxd8+ Nxd8 27. Nd5 Rcc6 28. a4 Bf8 29. Kf1 f5 30. Ke2 Nf7 31. Rc3 Kg7 32.
Rb3 Bc5 33. Rc1 g5 34. h3 h5 35. g4 {!? A natural move which forces black to
give concessions on the kingside.} fxg4 36. hxg4 h4 37. Rbc3 Bb4 38. R3c2 Rh6
39. Kf3 Kf8 40. Kg2 b5 41. axb5 Rc5 42. e4 {In principle, the position is
winning} (42. Ncb6 {!}) 42... Rxb5 43. Nce3 Rc6 44. Rxc6 bxc6 45. Rxc6 Rb8 46.
Nf5 Bd2 47. Rc2 Be1 48. Nc7 Rb6 49. Nd5 Rb8 50. Rc7 Bd2 51. Nf6 Rd8 52. Nd7+
Ke8 53. Nc5 Ra8 54. Ne6 {it is mate in three} 1-0

[Event "CHN-RUS Summit Men 7th"]
[Site "Ningbo"]
[Date "2010.08.06"]
[Round "2"]
[White "Vitiugov, Nikita"]
[Black "Wang, Hao"]
[Result "0-1"]
[WhiteElo "2722"]
[BlackElo "2724"]
[Annotator "CB"]
[PlyCount "72"]
[EventDate "2010.08.05"]
[EventType "schev"]
[EventRounds "5"]
[EventCountry "CHN"]
[SourceTitle "CBM 138"]
[Source "ChessBase"]
[SourceDate "2010.09.17"]
[SourceVersion "1"]
[SourceVersionDate "2010.09.17"]
[SourceQuality "1"]

1. c4 e5 2. Nc3 Nf6 3. Nf3 Nc6 4. g3 d5 5. cxd5 Nxd5 6. Bg2 Nb6 7. O-O Be7 8.
a3 O-O 9. b4 Be6 10. d3 Nd4 11. Bb2 Nxf3+ 12. Bxf3 c6 13. Ne4 Nd7 14. Qc2 Bd5
15. Bc3 Re8 16. Rfd1 Rc8 17. Qb2 Bf8 18. Nd2 Bxf3 19. Nxf3 Bd6 20. a4 a6 21.
Nd2 Bf8 22. Nc4 b5 23. axb5 axb5 24. Nd2 Nb6 25. Nf3 Na4 26. Qc2 $2 ({Instead
White had to play} 26. Qb3 Nxc3 27. Qxc3 c5 28. bxc5 Bxc5 29. Qb3 {with a
slightly worse, but tenable position.}) 26... c5 $1 27. Bxe5 cxb4 28. Qb3 Nc3
29. Re1 Qd7 30. Kg2 Qf5 31. Ra7 Rxe5 32. Nxe5 Qxe5 33. Qxf7+ Kh8 {#} 34. Rea1
$6 ({White is in deep trouble due to the potential kingside threats and passed
b-pawns. His only chance is to create counterthreats against his opponent's
king and his own e-pawn. This isn't to say it would necessarily save the game,
but it is probably his best practical chance.} 34. e4 Qf6 35. Qb7 (35. Qb3 Bc5
{Threatening Qxf2} 36. Rf7 Qe5 37. Rf5 Qd6) (35. Qxf6 $4 {would lose on the
spot since after} gxf6 {White cannot stop the passed b-pawn.}) 35... Rd8 36. e5
Qe6 37. d4 b3 38. d5 Nxd5 39. Qxb5 Nb4 40. Ra4 Nc2 41. Ree4) 34... Qf6 35. Qb3
Nxe2 36. R1a6 Qf5 {#} (36... Qf5 37. Z0 (37. Rf7 {doesn't work since Black can
continue with} Nf4+ 38. Kf3 (38. gxf4 Qg4+ 39. Kf1 Rc1+) 38... Qxd3+ 39. Qxd3
Nxd3 40. Rf5 b3 41. Rxb5 b2 42. Rab6 Re8 43. Rxb2 (43. Rb8 Rxb8 44. Rxb8 Kg8
45. Rb3 (45. Ke2 $4 Nb4 {and the pawn promotes.}) 45... Bc5) 43... Nxb2 44.
Rxb2 $19) {Black is not only threatening a mate attack with} 37... Nf4+ 38. Kf3
(38. gxf4 Qg4+ 39. Kf1 Rc1+) 38... Nxd3+ 39. Ke3 Bc5+ 40. Kd2 Qxf2+ 41. Kxd3
Qe3+ 42. Kc2 Bxa7+ 43. Kb2 Qc1+ 44. Ka2 Rc2+ 45. Qxc2 Qxc2+ 46. Ka1 Bd4#) 0-1

[Event "World Cup"]
[Site "Khanty-Mansiysk"]
[Date "2007.12.07"]
[Round "5.2"]
[White "Jakovenko, Dmitrij"]
[Black "Shirov, Alexei"]
[Result "0-1"]
[WhiteElo "2710"]
[BlackElo "2739"]
[Annotator "CB"]
[PlyCount "64"]
[EventDate "2007.11.24"]
[EventType "k.o."]
[EventRounds "7"]
[EventCountry "RUS"]
[SourceTitle "CBM 122"]
[Source "ChessBase"]
[SourceDate "2008.01.30"]
[SourceVersion "1"]
[SourceVersionDate "2008.01.30"]
[SourceQuality "1"]

{Already yesterday it was clear that the victory versus Aronian took Jakovenko
too much strength. Today in the second game versus Shirov the Russian
performed again well below his usual level. The knock-out system can be very
tough...} 1. c4 {Maybe impressed by Shirov's preparation Jakovenko starts the
second game with a move, which he made just occasionally in his career. Or
maybe Dmitry hoped that Alexey would answer 1...c6, trying to transpose into
his usual Slav Defense. One way or another, his opening choice backfired.} e5
$1 {Shirov has much more experience in this kind of English Opening. No wonder
he will easily solve all the problems soon.} ({In case of} 1... c6 {Jakovenko
could transpose into the sharp Panov Attack of the Caro-Kann Defense:} 2. e4 d5
3. exd5 cxd5 4. d4) 2. g3 Nf6 3. Bg2 d5 4. cxd5 Nxd5 5. Nc3 Nb6 6. Nf3 Nc6 7.
O-O Be7 8. b3 {Rather expectantly White avoids any theoretical discussions.
The main lines start with 8.d3.} O-O 9. Bb2 Bg4 10. h3 Bh5 11. d3 Re8 12. Rc1
Bf8 13. Ne4 Nd7 14. g4 Bg6 15. Ng3 a5 16. d4 e4 17. Ne5 ({Weaker is} 17. Nd2
Nf6 18. e3 Nb4 {with advantage for Black}) 17... Ndxe5 18. dxe5 Qh4 19. e3 ({
In case of} 19. Nf5 Bxf5 20. gxf5 Nxe5 21. Rxc7 Qf4 {White will start soon to
have problems with the king (for instance Rad8 and Bd6 can follow).}) 19...
Rad8 {Black completed development and already has the initiative.} 20. Qc2 Nb4
21. Qe2 ({Perhaps best practical chances would have offered the exchange sac:} 
21. Qxc7 Nd3 (21... Nd5 22. Qxb7 Nxe3 23. fxe3 Qxg3) 22. Bd4 Nxc1 23. Rxc1 {
but instead of 21...Nd3 Black can play 21...Nd5 followed by 23...Nxe3 and 23...
Qxg3, with no problems whatsoever.}) 21... c6 22. Nxe4 Nd3 23. Rc4 Nxe5 24.
Bxe5 Rxe5 {The battle is lost: Black has two bishops, better pieces and better
pawn formation. Besides, the position is too simple to step wrong.} 25. Rd1 $2
{On top of all Jakovenko blunders.} Rxd1+ 26. Qxd1 b5 $1 27. Rd4 c5 28. Rd5
Rxe4 29. Bxe4 Bxe4 30. Rd8 Qe7 31. Rb8 b4 32. Qe2 Qd6 0-1

[Event "London Classic 7th"]
[Site "London"]
[Date "2015.12.04"]
[Round "1"]
[White "Anand, Viswanathan"]
[Black "Adams, Michael"]
[Result "1/2-1/2"]
[WhiteElo "2803"]
[BlackElo "2744"]
[Annotator "CB"]
[PlyCount "64"]
[EventDate "2015.12.04"]
[EventType "tourn"]
[EventRounds "9"]
[EventCountry "ENG"]
[EventCategory "22"]
[SourceTitle "CBM 170"]
[Source "ChessBase"]
[SourceDate "2016.01.15"]
[SourceVersion "1"]
[SourceVersionDate "2016.01.15"]
[SourceQuality "1"]
[TimeControl "7200+1530"]
[WhiteClock "0:32:50"]
[BlackClock "0:19:27"]

1. c4 {Anand zog in seinen letzten Turnieren hauptsächlich mit dem
Königsbauern, bevorzugt zum Auftakt in London lokalbewusst die Englische
Eröffnung gegen den einzigen englischen Teilnehmer im Feld.} e5 2. g3 Nf6 {
weicht von ihrer Begegnung beim Gashimov Memorial 2015 ab, wo Adams große
Probleme hatte} (2... c6 3. Nf3 e4 4. Nd4 d5 5. cxd5 Qxd5 6. Nc2 Nf6 7. Nc3 Qh5
8. Ne3 {1-0 (51) Anand,V (2791)-Adams,M (2745) Shamkir AZE 2015}) 3. Bg2 d5 4.
cxd5 Nxd5 5. Nc3 Nb6 6. Nf3 Nc6 7. O-O Be7 8. d3 (8. a3 {ist eine schärfere
Variante, die Anand in seinem WM Kampf gegen Topalov 2010 spielte.} O-O 9. b4
Be6 10. d3 f6 11. Ne4 Qe8 12. Nc5 Bxc5 13. bxc5 Nd5 14. Bb2 Rd8 15. Qc2 Nde7
16. Rab1 Ba2 17. Rbc1 Qf7 18. Bc3 Rd7 19. Qb2 Rb8 20. Rfd1 Be6 21. Rd2 h6 22.
Qb1 Nd5 23. Rb2 b6 24. cxb6 cxb6 25. Bd2 Rd6 26. Rbc2 Qd7 27. h4 Rd8 28. Qb5
Nde7 29. Qb2 Bd5 30. Bb4 Nxb4 31. axb4 Rc6 32. b5 Rxc2 33. Rxc2 Be6 34. d4 e4
35. Nd2 Qxd4 36. Nxe4 Qxb2 37. Rxb2 Kf7 38. e3 g5 39. hxg5 hxg5 40. f4 gxf4 41.
exf4 Rd4 42. Kf2 Nf5 43. Bf3 Bd5 44. Nd2 Bxf3 45. Nxf3 Ra4 46. g4 Nd6 47. Kg3
Ne4+ 48. Kh4 Nd6 49. Rd2 Nxb5 50. f5 Re4 51. Kh5 Re3 52. Nh4 Nc3 53. Rd7+ Re7
54. Rd3 Ne4 55. Ng6 Nc5 56. Ra3 Rd7 57. Re3 Kg7 58. g5 b5 59. Nf4 b4 60. g6 b3
61. Rc3 Rd4 62. Rxc5 Rxf4 63. Rc7+ Kg8 64. Rb7 Rf3 65. Rb8+ Kg7 {1/2-1/2 (65)
Anand,V (2787)-Topalov,V (2805) Sofia 2010 CBM 136 [Giri,A]}) 8... O-O 9. Be3
Re8 10. Rc1 Bf8 11. Ne4 Nd4 12. Qd2 $6 {Diagramm [#]} (12. Nc5 {ist der
häufigst gespielte Zug. Schwarz trennt sich nun entweder vom Läuferpaar und
setzt auf seine gesunde in Verbindung mit der Zentrumskontrolle oder er muss
den starken Springer auf c5 tolerieren.} Nxf3+ (12... Bxc5 13. Rxc5 Bg4 14.
Bxd4 exd4 15. Qd2 Qd6 16. Rfc1 c6 $11 {0-1 (42) McShane,L (2670)-Vachier
Lagrave,M (2757) Germany 2014}) 13. Bxf3 Nd5 14. Qb3 {ist eine bessere Version
wie Weiß, da die Dame weißfeldrig deutlich mehr Einfluss hat} Nxe3 15. fxe3
Bxc5 16. Rxc5 Qe7 $11 {1/2-1/2 (38) Ree,H (2460)-Lalic,B (2500) Palma de
Mallorca 1989}) 12... a5 $1 {nun ist ...Lb4 immer eine Option für Schwarz. Es
ist fraglich, ob die weiße Dame auf d2 wirklich besser steht als auf d1.} 13.
Nc5 Nxf3+ 14. Bxf3 Nd5 15. a3 b6 16. Na4 Bb7 {Schwarz hat sich gut aufstellen
können, die halboffene c-Linie bringt Weiß nichts ein, das Feld c5 ist unter
Kontrolle.} 17. Rfe1 (17. Bg5 f6 18. e4 Ne7 19. Be3 Nf5 $1) 17... Rb8 18. Bg2
Qd7 19. Nc3 Nxe3 20. Qxe3 Bc5 21. Qg5 h6 22. Qh5 Bxg2 23. Kxg2 Bd4 24. Rc2 Bxc3
25. Rxc3 c5 {nun ist die Stellung zu verflacht, sodass keine Seite mehr
wirklichen Druck ausüben kann.} 26. Rec1 Qb5 27. R1c2 Rbd8 28. Qf3 g6 29. Qb7
Rb8 30. Qd5 Rbd8 31. Qb7 Rb8 32. Qd5 Rbd8 1/2-1/2

[Event "USA-ch sf"]
[Site "Salt Lake City"]
[Date "1999.08.26"]
[Round "4"]
[White "Seirawan, Yasser"]
[Black "Gulko, Boris F"]
[Result "1/2-1/2"]
[WhiteElo "2653"]
[BlackElo "2618"]
[Annotator "ChessBase"]
[PlyCount "46"]
[EventDate "1999.08.30"]
[EventType "match"]
[EventRounds "4"]
[EventCountry "USA"]
[SourceTitle "CBM 073"]
[Source "ChessBase"]
[SourceDate "1999.12.01"]
[SourceVersion "1"]
[SourceVersionDate "1999.12.01"]
[SourceQuality "1"]

1. c4 e5 2. Nc3 Nf6 3. Nf3 Nc6 4. g3 Bb4 5. Bg2 O-O 6. O-O Re8 7. Nd5 Bc5 8. d3
Nxd5 9. cxd5 Nd4 10. Nd2 d6 11. e3 Nf5 12. Nc4 a6 13. b3 Ne7 14. Bb2 b5 15. d4
exd4 16. exd4 Bb6 17. Nxb6 cxb6 18. Re1 Bb7 19. Qh5 Qd7 20. Re2 f5 21. Rae1 g6
22. Qg5 (22. Qh4 $1 Nxd5 (22... g5 23. Qxg5+ Ng6 24. Re6 $18) 23. Bxd5+ Bxd5
24. Re7 $18) 22... Nxd5 23. g4 Rxe2 1/2-1/2

[Event "Montreal International"]
[Site "Montreal"]
[Date "1979.04.20"]
[Round "8"]
[White "Tal, Mihail"]
[Black "Kavalek, Lubomir"]
[Result "1-0"]
[WhiteElo "2615"]
[BlackElo "2590"]
[Annotator "ChessBase"]
[PlyCount "91"]
[EventDate "1979.04.11"]
[EventType "tourn"]
[EventRounds "18"]
[EventCountry "CAN"]
[EventCategory "15"]
[SourceTitle "MCL"]
[Source "ChessBase"]
[SourceDate "1999.07.01"]
[SourceVersion "1"]
[SourceVersionDate "1999.07.01"]
[SourceQuality "1"]

1. c4 e5 2. Nc3 Nf6 3. Nf3 Nc6 4. g3 Bc5 5. Bg2 (5. Nxe5 $6 Bxf2+ 6. Kxf2 Nxe5
7. e4 c5 8. d3 d6 9. h3 $13 {Botvinnik,M-Keres,P/URS/1966/} O-O 10. Be2 Ne8 11.
Kg2 Nc7 12. Be3 Ne6) 5... d6 6. O-O O-O 7. d3 (7. e3 Re8 8. d4 Bb6 9. h3 h6 10.
a3 a5 11. b3 Bf5 12. Bb2 Qd7 13. Kh2 Rad8 14. Nd5 $6 Nxd5 15. cxd5 Ne7 16. dxe5
Be4 $1 $15 {Uhlmann,W-Knaak,R/Halle/1974/}) 7... h6 8. a3 (8. e3 Re8 9. d4 Bb4
10. Nd5 e4 11. Nd2 Bxd2 12. Bxd2 Bf5 13. f3 Bh7 14. Nxf6+ Qxf6 15. fxe4 Qe7 16.
Qb3 Nd8 17. e5 dxe5 18. d5 $16 {Alburt,L-Sigurjonsson,G/Lone Pine/1979/1-0/61/}
) 8... a6 $6 (8... a5 9. e3 Bf5 (9... Bb6 10. b3 Bf5 11. h3 Qd7 12. Kh2 Bh7 13.
Ng1 Kh8 14. Nge2 Rfe8 15. Bb2 Nd8 16. Qd2 c6 17. e4 Ng8 18. Na4 Bc7 19. d4 {
Gurevich,M-Sokolov,I/Belgrade/1991/1-0/52/}) 10. h3 (10. b3 Qd7 11. Bb2 Bb6 12.
d4 exd4 13. exd4 Bg4 14. Na4 Ba7 15. Qd2 Rfe8 16. Rae1 d5 17. Rxe8+ Rxe8 18.
Ne5 Ne4 {Vaganian,R-Sokolov,I/Bled\Rogaska Slatina/1991/0-1/39/}) 10... Qd7 11.
Kh2 e4 12. Ne1 exd3 13. Nxd3 Bxd3 14. Qxd3 a4 15. Bd2 Na5 16. Rad1 Bb6 17. Nb5
Nb3 18. Bb4 {Lautier,J-Hertneck,G/Tilburg/1992/1-0/41/}) 9. b4 Ba7 10. Bb2 Bf5
11. Nh4 Bd7 12. Rc1 Ne8 $6 13. Nd5 g5 $6 14. Nf3 f5 15. Nd2 $14 Nd4 16. c5 $1
c6 17. Nb6 $1 (17. Ne3 f4 18. Nec4 Bg4) 17... Bxb6 18. cxb6 Qxb6 {Now White
wins the control at the dark squares.} 19. Nc4 Qa7 {prevents f2-f4} 20. e3 Ne6
21. d4 exd4 22. exd4 d5 {Black has tom close the a1-h8 diagonal.} 23. Ne5 Nf6
24. Re1 Ng7 25. a4 {Black has protected the kingside very well. Now White
starts a minority attack on the queenside.} Qb6 26. Ba3 Rfe8 27. Qd3 Qd8 28.
Re2 Ng4 29. b5 axb5 30. axb5 Nxe5 $2 {helps to open the a1-h8 diagonal.} 31.
dxe5 f4 32. bxc6 bxc6 33. Bd6 Ra4 34. Rb2 Qa8 35. Bf1 Ra2 36. Rxa2 Qxa2 37. Qc3
{/\Ra1} fxg3 38. hxg3 Qa7 39. Bd3 Ne6 40. Bg6 Ra8 41. Qf3 Be8 42. Qf6 Bxg6 43.
Qxg6+ Ng7 44. e6 Qd4 45. Qf7+ Kh7 46. Bf8 1-0

[Event "Candidates qf1"]
[Site "Seattle"]
[Date "1989.??.??"]
[Round "2"]
[White "Karpov, Anatoly"]
[Black "Hjartarson, Johann"]
[Result "1-0"]
[WhiteElo "2750"]
[BlackElo "2615"]
[Annotator "ChessBase"]
[PlyCount "89"]
[EventDate "1989.01.??"]
[EventType "match"]
[EventRounds "5"]
[EventCountry "USA"]
[SourceTitle "Candidates"]
[Source "ChessBase"]
[SourceDate "1999.07.01"]
[SourceVersion "2"]
[SourceVersionDate "1999.07.01"]
[SourceQuality "1"]

1. c4 e5 2. Nc3 Nf6 3. g3 d5 4. cxd5 Nxd5 5. Bg2 Nb6 6. Nf3 Nc6 7. O-O Be7 8.
a3 Be6 9. b4 O-O 10. Rb1 f6 11. d3 Qd7 $2 {11...Nd4!} 12. Ne4 $1 Nd5 13. Qc2 b6
$6 14. Bb2 Rac8 (14... a5 $6 15. b5 Na7 16. d4 $1 Nxb5 17. dxe5 Nxa3 18. Bxa3
Bxa3 19. Nd4 $16) 15. Rbc1 $1 (15. Rfd1 $6 Kh8 16. Ned2 {16.d4 f5} Ncxb4 $1 17.
axb4 Nxb4 18. Qc3 Na2 $10) 15... Nd4 16. Bxd4 exd4 17. Qc6 Qxc6 18. Rxc6 Bd7
19. Nxd4 $1 Bxc6 20. Nxc6 Rce8 21. Rc1 f5 22. Nd2 Nf6 23. Nxa7 Bd6 24. e3 c5
25. Nc4 Bb8 26. Nc6 b5 27. N4a5 cxb4 28. axb4 Nd7 29. d4 $1 g5 30. Nxb8 $5 Rxb8
31. Rc7 Nf6 32. Nc6 Rb6 33. Ne7+ Kh8 34. Nxf5 Ra6 35. Rc1 $1 Ra2 36. h3 $1 Rb2
37. e4 Rxb4 38. g4 h5 39. e5 hxg4 40. exf6 gxh3 41. Bxh3 Rxf6 42. Rc8+ Kh7 43.
Rc7+ Kg6 44. Rg7+ Kh5 45. f3 1-0

[Event "Montreal International"]
[Site "Montreal"]
[Date "1979.04.24"]
[Round "10"]
[White "Karpov, Anatoly"]
[Black "Huebner, Robert"]
[Result "1/2-1/2"]
[WhiteElo "2705"]
[BlackElo "2595"]
[Annotator "ChessBase"]
[PlyCount "106"]
[EventDate "1979.04.11"]
[EventType "tourn"]
[EventRounds "18"]
[EventCountry "CAN"]
[EventCategory "15"]
[SourceTitle "MCL"]
[Source "ChessBase"]
[SourceDate "1999.07.01"]
[SourceVersion "1"]
[SourceVersionDate "1999.07.01"]
[SourceQuality "1"]

1. c4 e5 2. Nc3 Nf6 3. Nf3 Nc6 4. g3 Bb4 5. Nd5 Bc5 6. Bg2 d6 (6... e4 7. Nh4
O-O 8. O-O Re8 9. d3 exd3 10. Qxd3 Ne5 11. Qc2 c6 12. Be3 $1 $16 {Smejkal,
J-Mecking,H/Rio izt/1979/}) 7. O-O O-O 8. d3 h6 9. e3 a5 10. Nc3 Ne7 $5 (10...
Ba7 11. a3 Nh7 12. Kh1 Bg4 {/\ f5, Kortschnoj,V-Petrosian,T/Il Ciocco cm/1977/}
) 11. h3 (11. a3 $5 {/\Rb1,b4}) 11... c6 12. b3 Re8 13. Bb2 Bb6 14. Re1 Bd7 15.
Kh2 Ng6 16. Nd2 Be6 $6 {/\d5} (16... Bc7) 17. Na4 Bc7 18. d4 Rb8 (18... exd4 $6
19. exd4 d5 20. Nc5 $1 Bc8) 19. Rc1 b5 $5 20. dxe5 $1 Nxe5 21. Bxe5 dxe5 22.
Nc5 Bd6 23. cxb5 cxb5 24. Qe2 (24. Nb7 Qb6 25. Rc6 Qxb7 26. Rxd6 Qe7) 24... Qe7
25. Nxe6 Qxe6 26. Rc6 Rec8 27. Rd1 (27. Rec1 Rxc6 28. Bxc6 $6 Ba3 $1 29. Rc2
Rc8 30. Qxb5 Qf5) 27... Rxc6 28. Bxc6 b4 29. Rc1 Be7 30. Qc4 Qd6 31. Ne4 Nxe4
32. Bxe4 g6 33. Kg2 Kg7 34. Bd5 f5 35. e4 f4 36. Qd3 Rb6 37. Rc8 fxg3 38. fxg3
Qd7 $2 39. Qc4 $2 (39. Rg8+ Kh7 40. Rxg6 (40. Qe3 $1 Bd8 (40... Re6) 41. Rh8+
$1) 40... Rxg6 (40... Kxg6 41. Bf7+) 41. Bg8+ $18) 39... Rf6 $1 (39... Qb5 40.
Rc7 Kf8 41. Rxe7 $1 Kxe7 42. Qc7+ Ke8 43. Bf7+ Kf8 44. Bc4) 40. Rc7 Qd6 41. h4
Rf8 42. Ra7 h5 43. Qc6 Qxc6 44. Bxc6 Rc8 $1 45. Ra6 (45. Rxe7+ Kf6 46. Ra7 Rxc6
47. Rxa5 Rc2+) 45... Bc5 46. g4 hxg4 47. Kg3 Rf8 48. Rxa5 Bf2+ 49. Kxg4 Rf4+
50. Kh3 Rxh4+ 51. Kg2 Bd4 52. a4 bxa3 53. Rxa3 Rg4+ 1/2-1/2

[Event "Beersheba"]
[Site "Beersheba"]
[Date "1984.??.??"]
[Round "1"]
[White "Suba, Mihai"]
[Black "Mestel, A Jonathan"]
[Result "1-0"]
[WhiteElo "2525"]
[BlackElo "2540"]
[Annotator "ChessBase"]
[PlyCount "75"]
[EventDate "1984.??.??"]
[EventType "tourn"]
[EventRounds "13"]
[EventCountry "ISR"]
[EventCategory "9"]
[SourceTitle "MCL"]
[Source "ChessBase"]
[SourceDate "1999.07.01"]
[SourceVersion "1"]
[SourceVersionDate "1999.07.01"]
[SourceQuality "1"]

1. c4 e5 2. g3 Nf6 3. Bg2 d5 4. cxd5 Nxd5 5. Nc3 Nb6 6. Nf3 Nc6 7. O-O Be7 8.
a3 a5 9. d3 O-O 10. Be3 Bg4 11. Rc1 Re8 12. Re1 $1 Bf8 (12... a4 13. Nd2 $1 Bg5
14. Bxg5 Qxg5 15. Nb5 Qe7 $14) 13. Na4 $1 Nxa4 (13... Nd4 14. Nxb6 cxb6 15.
Bxd4 exd4 $14) 14. Qxa4 Bd7 $2 (14... Qc8 $5 $14) 15. Qb3 $1 $16 Re6 (15... Rb8
16. Ng5 Qf6 17. Bd5 Re7 18. Be4 $1 g6 19. Bd5 $1 $18 {Suba}) 16. Ng5 Rf6 17.
Qxb7 Rb8 18. Qa6 Nd4 (18... Qe8 $5 19. Rb1 $18) 19. Qxa5 $1 Nb3 20. Qxe5 $1 $18
Nxc1 21. Rxc1 Bg4 22. Bd5 $1 Bd6 (22... Rf5 23. Bxf7+ Kh8 24. Ba2 Qxg5 25. Qe6
$18) 23. Qe4 Bf5 24. Qc4 Bg6 25. Ne4 Bxe4 26. Qxe4 $2 (26. dxe4 $18) 26... Qd7
27. Bd4 $2 Re8 28. Qg2 Be5 $1 29. Bxe5 Rxe5 30. Bf3 h5 31. Rc4 c5 32. Qf1 Qe7
33. Be4 Rb6 34. Qc1 g5 35. f4 $1 $18 gxf4 36. gxf4 Rg6+ 37. Bxg6 Rxe2 38. Re4
$1 1-0